Missing Word: Radiohead Songs (A-Z) Quiz Stats

Quiz Updated Sep 21, 2016

Challenge
Share
Tweet
Embed
Score 0/23 Timer 03:00
0 Plays Today
Song Name Missing Word % Correct
Where I End and _____ BeginYou
92.9%
Talk Show _____Host
88.4%
_____ in Its Right PlaceEverything
88.1%
_____ and CentsDollars
87.4%
Sail to the _____Moon
82.6%
The _____ AnthemNational
82.4%
_____ Up the WallsClimbing
80.1%
You and _____ Army?Whose
79.9%
My _____ LungIron
79.2%
_____ PoliceKarma
76.7%
_____ AndroidParanoid
75%
_____ on the LadderUp
68.1%
Song Name Missing Word % Correct
Fake Plastic _____Trees
67.6%
Knives _____Out
62.8%
Million Dollar _____Question
60%
Pyramid _____Song
51.3%
Morning _____Bell
47.3%
_____ Falling into PlaceJigsaw
46.1%
Meeting in the _____Aisle
27.3%
_____ OrderGagging
23.7%
Punchdrunk _____ SingalongLovesick
22.9%
India _____Rubber
22.5%
Last _____ to the HospitalFlowers
20.9%

Today's Daily Dose

Missing Word
Brians

On This Day
January 17th

You're not logged in!

Compare scores with friends on all Sporcle quizzes.
Sign Up with Email
OR
Log In

You Might Also Like...

Show Comments

Extras

Top Quizzes Today


Score Distribution

Your Account Isn't Verified!

In order to create a playlist on Sporcle, you need to verify the email address you used during registration. Go to your Sporcle Settings to finish the process.